Pasaje para ultramar (Record no. 141830)

MARC details
000 -LEADER
campo de control de longitud fija 00623nam a2200193 i 4500
001 - NÚMERO DE CONTROL
campo de control 141830
003 - IDENTIFICADOR DE NÚMERO DE CONTROL
campo de control ES-MaACL
005 - FECHA Y HORA DE LA ÚLTIMA TRANSACCIÓN
campo de control 20230906200358.0
007 - CAMPO FIJO DE DESCRIPCIÓN FÍSICA--INFORMACIÓN GENERAL
campo de control de longitud fija t|
008 - DATOS DE LONGITUD FIJA--INFORMACIÓN GENERAL
campo de control de longitud fija 070928s1915 sp ||||1| spa d
080 ## - NÚMERO DE LA CLASIFICACIÓN DECIMAL UNIVERSAL
Número de la Clasificación Decimal Universal 314.743(460)"19"
100 1# - ENTRADA PRINCIPAL--NOMBRE DE PERSONA
Nombre de persona Viñals y Torrero, Francisco.
9 (RLIN) 115364
245 10 - MENCIÓN DEL TÍTULO
Título Pasaje para ultramar
Resto del título : breves apuntes acerca de la emigración española /
Mención de responsabilidad, etc. por F. Viñals y Torrero.
250 ## - MENCION DE EDICION
Mención de edición 2ª ed. aum.
260 ## - PUBLICACIÓN, DISTRIBUCIÓN, ETC.
Lugar de publicación, distribución, etc. Madrid :
Nombre del editor, distribuidor, etc. [s.n.],
Fecha de publicación, distribución, etc. [1915] (
Fabricante Imp. de Jaime Ratés)
300 ## - DESCRIPCIÓN FÍSICA
Extensión 60 p. ;
Dimensiones 20 cm.
651 #4 - PUNTO DE ACCESO ADICIONAL DE MATERIA--NOMBRE GEOGRÁFICO
Nombre geográfico España-
Subdivisión general Emigración-
Subdivisión cronológica S.XX.
9 (RLIN) 8193
852 ## - LOCALIZACIÓN
Ubicación ES-MaACL
Número de control de estantería Fol-Laf-335
Holdings
Estatus retirado Estado de pérdida Estado de daño No para préstamo Colección Biblioteca de origen Biblioteca actual Ubicación en estantería Fecha de adquisición Fuente de adquisición Total de préstamos Signatura topográfica completa Código de barras Visto por última vez Precio de reemplazo Tipo de ítem Koha
        Colección de folletos Biblioteca del Ateneo de Madrid Biblioteca del Ateneo de Madrid Depósito folletos 17/01/2008     Fol-Laf-335 1147577 23/02/2023 23/02/2023 Folleto